Francouzský polibek českému trhu. Obchodní rada o aktivitách Francie v České republice.

Rozhovor s obchodným a ekonomickým poradcom francúzskeho veľvyslanestva, pánom Jean-Claude Bernardom. Obchodné vzťahy medzi Francúzskom a Československom. Dovoz, vývoz. Francúzske investície v ČSFR. Zakladanie spoločných podnikov v Čechách a na Slovensku. Spolupráca v oblasti bankovníctva.

Guardado en:
Detalles Bibliográficos
Autor principal: Ziková, L.
Formato: Capítulo de libro
Lenguaje:checo
Materias:
Etiquetas: Agregar Etiqueta
Sin Etiquetas, Sea el primero en etiquetar este registro!

MARC

LEADER 00000naa a2200000 4500
001 r011635
005 20220826094110.0
041 0 |a cze 
044 |a [CS] 
245 1 0 |a Francouzský polibek českému trhu.  |b Obchodní rada o aktivitách Francie v České republice.  |c L. Ziková 
520 |a Rozhovor s obchodným a ekonomickým poradcom francúzskeho veľvyslanestva, pánom Jean-Claude Bernardom. Obchodné vzťahy medzi Francúzskom a Československom. Dovoz, vývoz. Francúzske investície v ČSFR. Zakladanie spoločných podnikov v Čechách a na Slovensku. Spolupráca v oblasti bankovníctva. 
610 2 0 |a obchod zahraničný 
610 2 0 |a Francúzsko 
610 2 0 |a ČSFR 
610 2 0 |a dovoz 
610 2 0 |a vývoz 
610 2 0 |a investície zahraničné 
610 2 0 |a podnik spoločný 
100 1 |a Ziková, L.